Namoro (Registo nº 670)

Detalhes MARC
000 -Etiqueta do registo
Cabeçalho 00575nam0a22002531 4500
005 - Identificador da versão
Campo de controlo 20240813121809.0
010 ## - Número internacional normalizado dos livros (ISBN)
Número (ISBN) 9728570309
021 ## - Número do Depósito Legal
Código do país PT
035 ## - Other System Control Numbers
System Control Number 0000699
System Control Number 0000695
System Control Number 0000695
System Control Number 0000683
100 ## - Dados gerais de processamento
Dados gerais de processamento 20051114d a e0pory5003 ba
102 ## - Pais de publicação ou produção
País de publicação Portugal
101 1# - Língua de publicação
Língua do texto, banda sonora, etc. Português
Língua do documento no original Inglês
106 ## - Campo de dados codificados: material textual
Dados codificados do material textual r
105 ## - Campo de dados codificados: livros
Dados codificados dos livros y z 001yy
215 ## - Descrição física 
Indicação específica da natureza do documento e extensão da espécie p.
Dimensões cm
200 1# - Titulo e menção de responsabilidade
Título próprio Namoro
Informação de outro título jogo de afectos
Primeira menção de responsabilidade Graça Gonçalves
Outras menções de responsabilidade Bayard Christ
210 ## - Publicação, Distribuição, etc. 
Lugar da edição, distribuição, etc. Aveiro
Nome do editor, distribuidor, etc. Gostar Editora
Data da publicação, distribuição, etc. 2005
942 ## - Elementos de entrada adicionados (Koha)
Tipo de item no Koha Livro
Exemplares
Situação do levantamento Origin of item (home branch) (coded) Biblioteca de empréstimo Código de barras Circulation type (not for loan) Tipo de documento Nota do exemplar Damaged status
  Biblioteca Escolar Eng. Nuno Mergulhão Biblioteca Escolar Eng. Nuno Mergulhão BENM1155   Livro Sem mensagem